| 000 | 01753cam a22005174i 4500 | ||
|---|---|---|---|
| 003 | PE-LiUPU | ||
| 005 | 20250731184528.0 | ||
| 008 | 150623s1995 xxua rb 000 0 eng d | ||
| 020 | _a094354937X | ||
| 035 | _a(Sirsi) i9780943549378 | ||
| 040 |
_aPE-LiUPU _bspa _cPE-LiUPU _erda |
||
| 049 | _aPRUA | ||
| 082 | 0 | 4 |
_a933 _bB563 _221 |
| 245 | 0 | 0 |
_aBethsaida : _ba city by the north shore of the sea of Galilee / _ceditor general, Rami Arav y Richard A. Freund. |
| 264 | 1 |
_aMissouri : _bThomas Jefferson University Press, _c1995. |
|
| 300 |
_a337 páginas : _bilustraciones ; _c23 centímetros. |
||
| 336 |
_atext _2rdacontent |
||
| 337 |
_aunmediated _2rdamedia |
||
| 338 |
_avolume _2rdacarrier |
||
| 490 | 0 | _aThe Bethsaida excavations project reports & Contextual studies | |
| 504 | _aIncluye bibliografía. | ||
| 505 | 0 | _aArchaeology and geology of Bethsaida. -Literature of Bethsaida. | |
| 526 | _aP136 | ||
| 526 | _aP135 | ||
| 526 | _aP134 | ||
| 526 | _aP133 | ||
| 526 | _aP144 | ||
| 526 | _aP143 | ||
| 526 | _aP87 | ||
| 526 | _aP35 | ||
| 526 | _aP20 | ||
| 526 | _aP14 | ||
| 526 | _aP10 | ||
| 526 | _aP06 | ||
| 630 |
_aBiblia _xAntigüedades. |
||
| 650 | 0 | 4 | _aBetsaida (Ciudad extint). |
| 650 | 0 | 4 |
_aExcavaciones (Arqueología) _zIsrael - Betsaida (Ciudad extinta). |
| 650 | 0 | 4 |
_aRabínica literatura _xHistoria y crítica. |
| 700 | 1 |
_aArav, Rami, _eeditor. |
|
| 700 | 1 |
_aFreund, Richard A., _eeditor. |
|
| 710 | 2 | _aBethsaida Excavations Project | |
| 942 |
_2ddc _cBK |
||
| 949 |
_a933 _wDEWEY _c1 _i44633 _d2016-9-22 _e2016-9-22 _lCCODEBUL1 _mBUL _n4 _r0 _sY _tBOOK _u2015-6-24 _xTEOLOGIA _0COMPRA _o.STAFF. Colección General |
||
| 999 |
_c21491 _d21491 |
||
| 980 |
_81 _gALBERTO SANCHEZ Responsable de Automatización |
||